000 00865nam a22002417a 4500
999 _c6715
_d6715
003 AR-CdUCM
008 190319b ||||| |||| 00| 0 spa d
040 _aMUNICIPALIDAD PROVINCIAL DEL CUSCO
_cBIBLIOTECA MUNICIPAL DEL CUSCO
041 _heng
082 _a595.7 /
_bG48
100 _aGilmour, Darcy
_918900
245 _aMetabolismo de los insectos /
260 _aMadrid :
_bAlhambra,
_c1968.
300 _a215 páginas ;
_bIlustraciones,
_c20 cm.
440 _aExedra - Ciencia técnica ingeniería
_n25
_918901
505 _aMetabolismo energético, producción de energiza -- Consumo de energía -- Metabolismo de los hidratos de carbono -- Metabolismo de los lípidos ...
650 _aBiología
_9881
650 _aMetabolismo
_918902
650 _aTaxonomía
_918622
700 _aAlonso Sanjuán, Pilar
_918903
942 _2ddc
_cLIBROS
945 _aacv